| Tag |
First Indicator |
Second Indicator |
Subfields |
| LEADER |
00000cam a2200000 4500 |
| 001 |
in00000080590 |
| 005 |
20151008052945.0 |
| 008 |
760521s1917 inu b 00000 eng d |
| 010 |
|
|
|a 17018363
|
| 035 |
|
|
|a (OCoLC)02186186
|
| 035 |
|
|
|9 AAH5609AM
|
| 040 |
|
|
|a TOL
|c TOL
|d TXA
|d UtOrBLW
|
| 049 |
|
|
|a TXAM
|c [30304]
|
| 050 |
0 |
0 |
|a LC268
|b .S45
|
| 092 |
|
|
|a 377
|b S531e
|
| 100 |
1 |
|
|a Sharp, Frank Chapman,
|d 1866-1943.
|
| 245 |
1 |
0 |
|a Education for character ;
|b moral training in the school and home /
|c by Frank Chapman Sharp...
|
| 264 |
|
1 |
|a Indianapolis :
|b The Bobbs-Merrill company,
|c [1917]
|
| 264 |
|
4 |
|c [©1917]
|
| 300 |
|
|
|a 9 preliminary leaves, 453 pages ;
|c 20 cm.
|
| 336 |
|
|
|a text
|b txt
|2 rdacontent
|
| 337 |
|
|
|a unmediated
|b n
|2 rdamedia
|
| 338 |
|
|
|a volume
|b nc
|2 rdacarrier
|
| 490 |
1 |
|
|a Childhood and youth series
|
| 504 |
|
|
|a Bibliography: pages [425]-442.
|
| 650 |
|
0 |
|a Moral education.
|
| 830 |
|
0 |
|a Childhood and youth series.
|
| 999 |
|
|
|a MARS
|
| 999 |
f |
f |
|s e67ea33a-9001-3ce9-800c-94b8fdc2e47b
|i f082c176-09fe-3d4b-ab3b-d4ebd45e45b1
|t 0
|
| 952 |
f |
f |
|p normal
|a Texas A&M University
|b College Station
|c Sterling C. Evans Library
|d Evans: Library Stacks
|t 0
|e LC268 .S45
|h Library of Congress classification
|i unmediated -- volume
|m A14800859553
|
| 998 |
f |
f |
|a LC268 .S45
|t 0
|l Evans: Library Stacks
|